[Event "Stay Safe Play From Home 245"]
[Site "Emanuel Lasker Arena"]
[Date "2020.06.22"]
[Round "7"]
[White "grazie"]
[Black "Lazieri3"]
[Result "0-1"]
[WhiteElo "1799"]
[BlackElo "2142"]
[PlyCount "178"]
[EventDate "2020.06.22"]
[EventType "swiss (blitz)"]

1. d4 {[%emt 0:00:00]} c6 {[%emt 0:00:00]} 2. c3 {[%emt 0:00:00]} d5 {[%emt 0:00:00]} 3. g3 {[%emt 0:00:01]} Nf6 {[%emt 0:00:01]} 4. Bg2 {[%emt 0:00:00]} Bf5 {[%emt 0:00:01]} 5. Nf3 {[%emt 0:00:00]} e6 {[%emt 0:00:01]} 6. Bg5 {[%emt 0:00:00]} Be7 {[%emt 0:00:01]} 7. Bxf6 {[%emt 0:00:00]} Bxf6 {[%emt 0:00:01]} 8. Nbd2 {[%emt 0:00:00]} O-O {[%emt 0:00:01]} 9. O-O {[%emt 0:00:00]} h5 {[%emt 0:00:01]} 10. Re1 {[%emt 0:00:00]} g6 {[%emt 0:00:01]} 11. e4 {[%emt 0:00:00]} dxe4 {[%emt 0:00:01]} 12. Nxe4 {[%emt 0:00:00]} Bg7 {[%emt 0:00:01]} 13. Ne5 {[%emt 0:00:01]} Bxe4 {[%emt 0:00:04]} 14. Rxe4 {[%emt 0:00:01]} Nd7 {[%emt 0:00:01]} 15. Nc4 {[%emt 0:00:02]} Nb6 {[%emt 0:00:01]} 16. Ne3 {[%emt 0:00:02]} Nd5 {[%emt 0:00:01]} 17. Rh4 {[%emt 0:00:03]} Bf6 {[%emt 0:00:01]} 18. Re4 {[%emt 0:00:01]} Bg5 {[%emt 0:00:02]} 19. Nxd5 {[%emt 0:00:02]} exd5 {[%emt 0:00:01]} 20. Re5 {[%emt 0:00:01]} Bf6 {[%emt 0:00:00]} 21. Re3 {[%emt 0:00:01]} Re8 {[%emt 0:00:01]} 22. Qe2 {[%emt 0:00:00]} Rxe3 {[%emt 0:00:01]} 23. Qxe3 {[%emt 0:00:01]} Bg5 {[%emt 0:00:01]} 24. f4 {[%emt 0:00:01]} Bf6 {[%emt 0:00:01]} 25. Re1 {[%emt 0:00:00]} Qd7 {[%emt 0:00:01]} 26. h4 {[%emt 0:00:01]} a6 {[%emt 0:00:01]} 27. Kh2 {[%emt 0:00:01]} Kf8 {[%emt 0:00:01]} 28. Bh3 {[%emt 0:00:01]} Qd6 {[%emt 0:00:03]} 29. a3 {[%emt 0:00:02]} Rd8 {[%emt 0:00:01]} 30. Kg2 {[%emt 0:00:02]} Qb8 {[%emt 0:00:01]} 31. Kf3 {[%emt 0:00:01]} Re8 {[%emt 0:00:01]} 32. Qxe8+ {[%emt 0:00:01]} Qxe8 {[%emt 0:00:00]} 33. Rxe8+ {[%emt 0:00:00]} Kxe8 {[%emt 0:00:00]} 34. f5 {[%emt 0:00:01]} Ke7 {[%emt 0:00:02]} 35. fxg6 {[%emt 0:00:00]} fxg6 {[%emt 0:00:00]} 36. g4 {[%emt 0:00:00]} Bxh4 {[%emt 0:00:02]} 37. gxh5 {[%emt 0:00:01]} gxh5 {[%emt 0:00:00]} 38. Bc8 {[%emt 0:00:01]} b6 {[%emt 0:00:03]} 39. Bxa6 {[%emt 0:00:01]} Kd7 {[%emt 0:00:01]} 40. Bf1 {[%emt 0:00:02]} Bg5 {[%emt 0:00:01]} 41. b3 {[%emt 0:00:01]} Bc1 {[%emt 0:00:01]} 42. a4 {[%emt 0:00:01]} Bb2 {[%emt 0:00:01]} 43. c4 {[%emt 0:00:00]} Bxd4 {[%emt 0:00:01]} 44. cxd5 {[%emt 0:00:00]} cxd5 {[%emt 0:00:00]} 45. Bg2 {[%emt 0:00:02]} Kd6 {[%emt 0:00:01]} 46. Kg3 {[%emt 0:00:01]} Bf6 {[%emt 0:00:01]} 47. Kh3 {[%emt 0:00:01]} h4 {[%emt 0:00:01]} 48. Bf3 {[%emt 0:00:01]} Kc5 {[%emt 0:00:01]} 49. b4+ {[%emt 0:00:01]} Kxb4 {[%emt 0:00:01]} 50. Bxd5 {[%emt 0:00:00]} Kxa4 {[%emt 0:00:00]} 51. Bc6+ {[%emt 0:00:01]} Ka5 {[%emt 0:00:02]} 52. Be8 {[%emt 0:00:02]} b5 {[%emt 0:00:01]} 53. Bxb5 {[%emt 0:00:01]} Kxb5 {[%emt 0:00:00]} 54. Kg4 {[%emt 0:00:00]} Kc5 {[%emt 0:00:00]} 55. Kh3 {[%emt 0:00:00]} Kd4 {[%emt 0:00:01]} 56. Kg4 {[%emt 0:00:00]} Ke3 {[%emt 0:00:00]} 57. Kh3 {[%emt 0:00:00]} Kf2 {[%emt 0:00:00]} 58. Kg4 {[%emt 0:00:00]} Kg2 {[%emt 0:00:02]} 59. Kf5 {[%emt 0:00:01]} h3 {[%emt 0:00:00]} 60. Kxf6 {[%emt 0:00:01]} h2 {[%emt 0:00:00]} 61. Ke5 {[%emt 0:00:00]} h1=Q {[%emt 0:00:00]} 62. Ke4 {[%emt 0:00:00]} Qf1 {[%emt 0:00:00]} 63. Kd4 {[%emt 0:00:00]} Qf3 {[%emt 0:00:00]} 64. Ke5 {[%emt 0:00:01]} Kg3 {[%emt 0:00:00]} 65. Kd4 {[%emt 0:00:00]} Qf4+ {[%emt 0:00:00]} 66. Kd5 {[%emt 0:00:01]} Kg4 {[%emt 0:00:00]} 67. Ke6 {[%emt 0:00:01]} Kg5 {[%emt 0:00:00]} 68. Kd5 {[%emt 0:00:01]} Qe3 {[%emt 0:00:00]} 69. Kd6 {[%emt 0:00:02]} Kf5 {[%emt 0:00:00]} 70. Kd5 {[%emt 0:00:00]} Qd2+ {[%emt 0:00:00]} 71. Kc4 {[%emt 0:00:00]} Ke6 {[%emt 0:00:00]} 72. Kc5 {[%emt 0:00:01]} Qc2+ {[%emt 0:00:00]} 73. Kd4 {[%emt 0:00:01]} Qc6 {[%emt 0:00:01]} 74. Ke3 {[%emt 0:00:00]} Qd5 {[%emt 0:00:00]} 75. Kf4 {[%emt 0:00:00]} Qe5+ {[%emt 0:00:01]} 76. Kf3 {[%emt 0:00:01]} Kd5 {[%emt 0:00:00]} 77. Kg4 {[%emt 0:00:00]} Qe4+ {[%emt 0:00:00]} 78. Kg5 {[%emt 0:00:01]} Kd4 {[%emt 0:00:00]} 79. Kf6 {[%emt 0:00:00]} Qe3 {[%emt 0:00:00]} 80. Kf5 {[%emt 0:00:01]} Kd3 {[%emt 0:00:00]} 81. Kf6 {[%emt 0:00:01]} Ke2 {[%emt 0:00:00]} 82. Kf5 {[%emt 0:00:00]} Kf3 {[%emt 0:00:00]} 83. Kf6 {[%emt 0:00:00]} Qe4 {[%emt 0:00:00]} 84. Kg5 {[%emt 0:00:01]} Qf4+ {[%emt 0:00:00]} 85. Kg6 {[%emt 0:00:01]} Ke4 {[%emt 0:00:00]} 86. Kg7 {[%emt 0:00:02]} Ke5 {[%emt 0:00:00]} 87. Kg6 {[%emt 0:00:00]} Ke6 {[%emt 0:00:00]} 88. Kg7 {[%emt 0:00:01]} Qg3+ {[%emt 0:00:00]} 89. Kf8 {[%emt 0:00:01]} Qg2 {[%emt 0:00:00] Zeit (Lag: Av=0.60s, max=5.3s)} 0-1

[Event "Stay Safe Play From Home 245"]
[Site "Emanuel Lasker Arena"]
[Date "2020.06.22"]
[Round "7"]
[White "Klasman"]
[Black "Trotsky"]
[Result "0-1"]
[WhiteElo "1226"]
[BlackElo "1567"]
[Annotator "NA"]
[PlyCount "54"]
[EventDate "2020.06.22"]
[EventType "swiss (blitz)"]

1. f4 {[%emt 0:00:01]} d5 {[%emt 0:00:01]} 2. Nf3 {[%emt 0:00:02]} e6 {[%emt 0:00:00]} 3. e3 {[%emt 0:00:01]} c5 {[%emt 0:00:01]} 4. d4 {[%emt 0:00:01]} Nc6 {[%emt 0:00:01]} 5. c4 {[%emt 0:00:02]} Qc7 {[%emt 0:00:01]} 6. cxd5 {[%emt 0:00:01]} exd5 {[%emt 0:00:01]} 7. Nc3 {[%emt 0:00:01]} Be6 {[%emt 0:00:01]} 8. Ne5 {[%emt 0:00:02]} a6 {[%emt 0:00:02]} 9. Be2 {[%emt 0:00:04]} c4 {[%emt 0:00:01]} 10. O-O {[%emt 0:00:02]} Bd6 {[%emt 0:00:01]} 11. f5 {[%emt 0:00:03]} Bxf5 {[%emt 0:00:03]} 12. Rxf5 {[%emt 0:00:02]} Nf6 {[%emt 0:00:01]} 13. Nxc6 {[%emt 0:00:03]} bxc6 {[%emt 0:00:01]} 14. h3 {[%emt 0:00:02]} h5 {[%emt 0:00:01]} 15. Bxh5 {[%emt 0:00:02]} O-O-O {[%emt 0:00:02]} 16. Rxf6 {[%emt 0:00:03]} gxf6 {[%emt 0:00:02]} 17. Bg4+ {[%emt 0:00:01]} Kb8 {[%emt 0:00:01]} 18. Qf3 {[%emt 0:00:02]} Rdg8 {[%emt 0:00:05]} 19. Qxf6 {[%emt 0:00:02]} Bh2+ {[%emt 0:00:06]} 20. Kh1 {[%emt 0:00:03]} Rxg4 {[%emt 0:00:06]} 21. hxg4 {[%emt 0:00:06]} Be5+ {[%emt 0:00:04]} 22. Kg1 {[%emt 0:00:02]} Bxf6 {[%emt 0:00:01]} 23. Bd2 {[%emt 0:00:02]} Qh2+ {[%emt 0:00:01]} 24. Kf2 {[%emt 0:00:04]} Qh4+ {[%emt 0:00:02]} 25. Kf3 {[%emt 0:00:01]} Qg5 {[%emt 0:00:05]} 26. g3 {[%emt 0:00:02]} c5 {[%emt 0:00:02]} 27. Ne2 {[%emt 0:00:03]} cxd4 {[%emt 0:00:01] Time (Lag: Av=0.42s, max=4.0s)} 0-1

[Event "Stay Safe Play From Home 245"]
[Site "Emanuel Lasker Arena"]
[Date "2020.06.22"]
[Round "8"]
[White "Mepe_Nika"]
[Black "Klasman"]
[Result "1-0"]
[WhiteElo "2314"]
[BlackElo "1222"]
[Annotator "NA"]
[PlyCount "39"]
[EventDate "2020.06.22"]
[EventType "swiss (blitz)"]

1. d4 {[%emt 0:00:02]} f5 {[%emt 0:00:01]} 2. Nc3 {[%emt 0:00:01]} Nf6 {[%emt 0:00:01]} 3. Bg5 {[%emt 0:00:00]} e6 {[%emt 0:00:01]} 4. e4 {[%emt 0:00:00]} h6 {[%emt 0:00:07]} 5. Bxf6 {[%emt 0:00:04]} Qxf6 {[%emt 0:00:01]} 6. Nf3 {[%emt 0:00:02]} g5 {[%emt 0:00:05]} 7. Ne5 {[%emt 0:00:03]} Nc6 {[%emt 0:00:06]} 8. Qh5+ {[%emt 0:00:02]} Ke7 {[%emt 0:00:02]} 9. Ng6+ {[%emt 0:00:01]} Kf7 {[%emt 0:00:08]} 10. Nxh8+ {[%emt 0:00:01]} Kg7 {[%emt 0:00:01]} 11. e5 {[%emt 0:00:04]} Nxe5 {[%emt 0:00:06]} 12. dxe5 {[%emt 0:00:01]} Qxe5+ {[%emt 0:00:01]} 13. Qe2 {[%emt 0:00:02]} Qxe2+ {[%emt 0:00:02]} 14. Bxe2 {[%emt 0:00:00]} Kxh8 {[%emt 0:00:01]} 15. h4 {[%emt 0:00:01]} g4 {[%emt 0:00:03]} 16. O-O-O {[%emt 0:00:00]} d5 {[%emt 0:00:02]} 17. Nb5 {[%emt 0:00:02]} Bd6 {[%emt 0:00:04]} 18. Nxd6 {[%emt 0:00:01]} cxd6 {[%emt 0:00:01]} 19. c4 {[%emt 0:00:00]} Bd7 {[%emt 0:00:08]} 20. cxd5 {[%emt 0:00:01] Time (Lag: Av=0.46s, max=0.6s)} 1-0

[Event "Stay Safe Play From Home 245"]
[Site "Emanuel Lasker Arena"]
[Date "2020.06.22"]
[Round "8"]
[White "Bardellosport"]
[Black "Lamborghini"]
[Result "0-1"]
[WhiteElo "2028"]
[BlackElo "2152"]
[Annotator "NA"]
[PlyCount "48"]
[EventDate "2020.06.22"]
[EventType "swiss (blitz)"]

1. Nc3 {[%emt 0:00:01]} g6 {[%emt 0:00:02]} 2. e4 {[%emt 0:00:01]} Bg7 {[%emt 0:00:00]} 3. g3 {[%emt 0:00:00]} c5 {[%emt 0:00:01]} 4. Bg2 {[%emt 0:00:00]} Nc6 {[%emt 0:00:00]} 5. f4 {[%emt 0:00:01]} d6 {[%emt 0:00:00]} 6. d3 {[%emt 0:00:00]} Bd7 {[%emt 0:00:00]} 7. Nf3 {[%emt 0:00:00]} Qc8 {[%emt 0:00:00]} 8. Qe2 {[%emt 0:00:00]} Bh3 {[%emt 0:00:01]} 9. O-O {[%emt 0:00:00]} Bxg2 {[%emt 0:00:01]} 10. Kxg2 {[%emt 0:00:00]} Nf6 {[%emt 0:00:01]} 11. e5 {[%emt 0:00:00]} Ng4 {[%emt 0:00:02]} 12. h3 {[%emt 0:00:02]} Nh6 {[%emt 0:00:01]} 13. exd6 {[%emt 0:00:01]} O-O {[%emt 0:00:01]} 14. dxe7 {[%emt 0:00:01]} Re8 {[%emt 0:00:01]} 15. Ng5 {[%emt 0:00:01]} Rxe7 {[%emt 0:00:01]} 16. Qf2 {[%emt 0:00:01]} Qd7 {[%emt 0:00:02]} 17. Qxc5 {[%emt 0:00:01]} Bd4 {[%emt 0:00:03]} 18. Qc4 {[%emt 0:00:04]} Rd8 {[%emt 0:00:02]} 19. Nce4 {[%emt 0:00:01]} Nf5 {[%emt 0:00:04]} 20. g4 {[%emt 0:00:02]} Nd6 {[%emt 0:00:03]} 21. c3 {[%emt 0:00:03]} Nxc4 {[%emt 0:00:01]} 22. dxc4 {[%emt 0:00:01]} Bg7 {[%emt 0:00:01]} 23. Be3 {[%emt 0:00:02]} h6 {[%emt 0:00:01]} 24. Nf3 {[%emt 0:00:02]} Rxe4 {[%emt 0:00:01] Bardellosport abbandona (Lag: Av=0.28s, max=0.5s)} 0-1

[Event "Stay Safe Play From Home 245"]
[Site "Emanuel Lasker Arena"]
[Date "2020.06.22"]
[Round "8"]
[White "Bishop91"]
[Black "AChessPlayer"]
[Result "0-1"]
[WhiteElo "1758"]
[BlackElo "2384"]
[Annotator "NA"]
[PlyCount "142"]
[EventDate "2020.06.22"]
[EventType "swiss (blitz)"]

1. e4 {[%emt 0:00:01]} e6 {[%emt 0:00:05]} 2. d4 {[%emt 0:00:01]} d5 {[%emt 0:00:00]} 3. exd5 {[%emt 0:00:00]} exd5 {[%emt 0:00:01]} 4. c3 {[%emt 0:00:00]} Bd6 {[%emt 0:00:00]} 5. Nf3 {[%emt 0:00:00]} Ne7 {[%emt 0:00:00]} 6. Bd3 {[%emt 0:00:00]} c6 {[%emt 0:00:01]} 7. O-O {[%emt 0:00:00]} O-O {[%emt 0:00:01]} 8. Re1 {[%emt 0:00:00]} Bf5 {[%emt 0:00:01]} 9. Bg5 {[%emt 0:00:00]} f6 {[%emt 0:00:01]} 10. Bh4 {[%emt 0:00:02]} Bxd3 {[%emt 0:00:01]} 11. Qxd3 {[%emt 0:00:01]} Ng6 {[%emt 0:00:03]} 12. Bg3 {[%emt 0:00:00]} Bxg3 {[%emt 0:00:02]} 13. hxg3 {[%emt 0:00:01]} Na6 {[%emt 0:00:01]} 14. Na3 {[%emt 0:00:03]} Nc7 {[%emt 0:00:01]} 15. Nc2 {[%emt 0:00:01]} Qd6 {[%emt 0:00:01]} 16. Ne3 {[%emt 0:00:00]} Rae8 {[%emt 0:00:01]} 17. Ng4 {[%emt 0:00:02]} Qd7 {[%emt 0:00:01]} 18. Qd2 {[%emt 0:00:02]} Qxg4 {[%emt 0:00:01]} 19. Nh2 {[%emt 0:00:00]} Qd7 {[%emt 0:00:01]} 20. f3 {[%emt 0:00:02]} Ne7 {[%emt 0:00:01]} 21. Re2 {[%emt 0:00:03]} Nf5 {[%emt 0:00:02]} 22. Rae1 {[%emt 0:00:00]} Rxe2 {[%emt 0:00:01]} 23. Rxe2 {[%emt 0:00:01]} Nxg3 {[%emt 0:00:00]} 24. Re3 {[%emt 0:00:01]} Nf5 {[%emt 0:00:01]} 25. Re2 {[%emt 0:00:01]} Nd6 {[%emt 0:00:00]} 26. b3 {[%emt 0:00:01]} Re8 {[%emt 0:00:00]} 27. Ng4 {[%emt 0:00:02]} h5 {[%emt 0:00:02]} 28. Nf2 {[%emt 0:00:01]} Nf5 {[%emt 0:00:01]} 29. Nd3 {[%emt 0:00:01]} Ng3 {[%emt 0:00:01]} 30. Re3 {[%emt 0:00:02]} h4 {[%emt 0:00:01]} 31. Rxe8+ {[%emt 0:00:01]} Qxe8 {[%emt 0:00:01]} 32. Qe1 {[%emt 0:00:01]} Qxe1+ {[%emt 0:00:02]} 33. Nxe1 {[%emt 0:00:00]} Ne2+ {[%emt 0:00:00]} 34. Kf2 {[%emt 0:00:02]} Nxc3 {[%emt 0:00:00]} 35. a3 {[%emt 0:00:02]} Na2 {[%emt 0:00:00]} 36. Nd3 {[%emt 0:00:01]} Nc3 {[%emt 0:00:01]} 37. b4 {[%emt 0:00:01]} b6 {[%emt 0:00:01]} 38. a4 {[%emt 0:00:00]} a5 {[%emt 0:00:01]} 39. bxa5 {[%emt 0:00:01]} bxa5 {[%emt 0:00:00]} 40. Nf4 {[%emt 0:00:01]} Nxa4 {[%emt 0:00:00]} 41. Ng6 {[%emt 0:00:00]} Nb6 {[%emt 0:00:01]} 42. Nxh4 {[%emt 0:00:00]} Kf7 {[%emt 0:00:00]} 43. Nf5 {[%emt 0:00:00]} a4 {[%emt 0:00:00]} 44. Nd6+ {[%emt 0:00:01]} Ke6 {[%emt 0:00:00]} 45. Ne8 {[%emt 0:00:03]} a3 {[%emt 0:00:01]} 46. Ke2 {[%emt 0:00:01]} Nxe8 {[%emt 0:00:01]} 47. Kd2 {[%emt 0:00:01]} Nd6 {[%emt 0:00:00]} 48. Kc2 {[%emt 0:00:00]} Ndc4 {[%emt 0:00:00]} 49. Kb3 {[%emt 0:00:00]} Nd7 {[%emt 0:00:00]} 50. g3 {[%emt 0:00:01]} f5 {[%emt 0:00:00]} 51. g4 {[%emt 0:00:00]} Nf6 {[%emt 0:00:00]} 52. g5 {[%emt 0:00:01]} Nh5 {[%emt 0:00:01]} 53. f4 {[%emt 0:00:00]} Nxf4 {[%emt 0:00:00]} 54. g6 {[%emt 0:00:01]} Nh3 {[%emt 0:00:00]} 55. Ka2 {[%emt 0:00:01]} Nf4 {[%emt 0:00:00]} 56. Kb3 {[%emt 0:00:02]} Nxg6 {[%emt 0:00:00]} 57. Ka2 {[%emt 0:00:00]} Ne7 {[%emt 0:00:00]} 58. Kb3 {[%emt 0:00:00]} Ng8 {[%emt 0:00:00]} 59. Ka2 {[%emt 0:00:01]} Nf6 {[%emt 0:00:00]} 60. Kb3 {[%emt 0:00:00]} f4 {[%emt 0:00:00]} 61. Ka2 {[%emt 0:00:00]} Kf5 {[%emt 0:00:00]} 62. Kb3 {[%emt 0:00:00]} Ke4 {[%emt 0:00:00]} 63. Ka2 {[%emt 0:00:00]} Kxd4 {[%emt 0:00:00]} 64. Kb3 {[%emt 0:00:00]} Ke4 {[%emt 0:00:00]} 65. Kb4 {[%emt 0:00:00]} f3 {[%emt 0:00:00]} 66. Kb3 {[%emt 0:00:00]} f2 {[%emt 0:00:00]} 67. Kb4 {[%emt 0:00:00]} c5+ {[%emt 0:00:00]} 68. Kxc5 {[%emt 0:00:00]} d4 {[%emt 0:00:01]} 69. Kc6 {[%emt 0:00:02]} d3 {[%emt 0:00:00]} 70. Kc7 {[%emt 0:00:00]} Ke3 {[%emt 0:00:00]} 71. Kd8 {[%emt 0:00:00]} Ke2 {[%emt 0:00:00] Bishop91 resigns (Lag: Av=0.38s, max=0.9s)} 0-1

[Event "Stay Safe Play From Home 245"]
[Site "Emanuel Lasker Arena"]
[Date "2020.06.22"]
[Round "8"]
[White "Trotsky"]
[Black "SoulofWolf"]
[Result "0-1"]
[WhiteElo "1571"]
[BlackElo "2175"]
[Annotator "NA"]
[PlyCount "62"]
[EventDate "2020.06.22"]
[EventType "swiss (blitz)"]

1. d4 {[%emt 0:00:02]} d5 {[%emt 0:00:00]} 2. e3 {[%emt 0:00:00]} Nf6 {[%emt 0:00:01]} 3. c4 {[%emt 0:00:01]} c6 {[%emt 0:00:01]} 4. Nc3 {[%emt 0:00:01]} Bf5 {[%emt 0:00:01]} 5. c5 {[%emt 0:00:01]} Nbd7 {[%emt 0:00:02]} 6. Bd3 {[%emt 0:00:01]} Bg6 {[%emt 0:00:01]} 7. Qc2 {[%emt 0:00:01]} e5 {[%emt 0:00:01]} 8. Bd2 {[%emt 0:00:02]} e4 {[%emt 0:00:01]} 9. Nxe4 {[%emt 0:00:01]} dxe4 {[%emt 0:00:01]} 10. Bc4 {[%emt 0:00:02]} Be7 {[%emt 0:00:01]} 11. h4 {[%emt 0:00:01]} O-O {[%emt 0:00:01]} 12. O-O-O {[%emt 0:00:02]} h5 {[%emt 0:00:04]} 13. f3 {[%emt 0:00:02]} b6 {[%emt 0:00:02]} 14. fxe4 {[%emt 0:00:02]} Nxe4 {[%emt 0:00:01]} 15. Bd3 {[%emt 0:00:01]} f5 {[%emt 0:00:01]} 16. g4 {[%emt 0:00:02]} hxg4 {[%emt 0:00:01]} 17. h5 {[%emt 0:00:01]} Bh7 {[%emt 0:00:00]} 18. Qb3+ {[%emt 0:00:09]} Kh8 {[%emt 0:00:01]} 19. h6 {[%emt 0:00:01]} g6 {[%emt 0:00:07]} 20. d5 {[%emt 0:00:03]} cxd5 {[%emt 0:00:03]} 21. Bc3+ {[%emt 0:00:01]} Bf6 {[%emt 0:00:01]} 22. Bxe4 {[%emt 0:00:03]} fxe4 {[%emt 0:00:03]} 23. Rxd5 {[%emt 0:00:08]} Bxc3 {[%emt 0:00:05]} 24. Qxc3+ {[%emt 0:00:01]} Qf6 {[%emt 0:00:00]} 25. Rd4 {[%emt 0:00:04]} Nxc5 {[%emt 0:00:03]} 26. Ne2 {[%emt 0:00:01]} Nd3+ {[%emt 0:00:01]} 27. Kc2 {[%emt 0:00:01]} Rac8 {[%emt 0:00:00]} 28. Nf4 {[%emt 0:00:01]} Rxc3+ {[%emt 0:00:01]} 29. bxc3 {[%emt 0:00:01]} Nxf4 {[%emt 0:00:01]} 30. exf4 {[%emt 0:00:01]} Rc8 {[%emt 0:00:01]} 31. Kb3 {[%emt 0:00:01]} Bg8+ {[%emt 0:00:02] ' Âðåìÿ (Lag: Av=0.27s, max=0.6s)} 0-1

[Event "Stay Safe Play From Home 245"]
[Site "Emanuel Lasker Arena"]
[Date "2020.06.22"]
[Round "8"]
[White "Shyamph1980"]
[Black "Lazieri3"]
[Result "0-1"]
[WhiteElo "1534"]
[BlackElo "2147"]
[Annotator "NA"]
[PlyCount "90"]
[EventDate "2020.06.22"]
[EventType "swiss (blitz)"]

1. e4 {[%emt 0:00:01]} c6 {[%emt 0:00:00]} 2. Nf3 {[%emt 0:00:02]} d5 {[%emt 0:00:00]} 3. exd5 {[%emt 0:00:02]} cxd5 {[%emt 0:00:00]} 4. d4 {[%emt 0:00:00]} Nc6 {[%emt 0:00:00]} 5. c3 {[%emt 0:00:01]} Nf6 {[%emt 0:00:01]} 6. Bg5 {[%emt 0:00:01]} Bf5 {[%emt 0:00:01]} 7. Bd3 {[%emt 0:00:01]} Bxd3 {[%emt 0:00:01]} 8. Qxd3 {[%emt 0:00:01]} e6 {[%emt 0:00:00]} 9. Nbd2 {[%emt 0:00:01]} Be7 {[%emt 0:00:00]} 10. O-O {[%emt 0:00:01]} h6 {[%emt 0:00:00]} 11. Bh4 {[%emt 0:00:02]} Nd7 {[%emt 0:00:02]} 12. Bxe7 {[%emt 0:00:01]} Qxe7 {[%emt 0:00:00]} 13. Rfe1 {[%emt 0:00:02]} O-O {[%emt 0:00:00]} 14. Nb3 {[%emt 0:00:01]} b6 {[%emt 0:00:01]} 15. Qb5 {[%emt 0:00:03]} Rac8 {[%emt 0:00:02]} 16. Ne5 {[%emt 0:00:04]} Ncxe5 {[%emt 0:00:01]} 17. dxe5 {[%emt 0:00:03]} Nc5 {[%emt 0:00:01]} 18. Nd4 {[%emt 0:00:02]} Qd7 {[%emt 0:00:03]} 19. Qxd7 {[%emt 0:00:02]} Nxd7 {[%emt 0:00:00]} 20. Nb5 {[%emt 0:00:01]} Rcd8 {[%emt 0:00:05]} 21. Nxa7 {[%emt 0:00:02]} Nc5 {[%emt 0:00:01]} 22. Nb5 {[%emt 0:00:02]} Nd3 {[%emt 0:00:01]} 23. Re3 {[%emt 0:00:02]} Nxb2 {[%emt 0:00:01]} 24. Rb1 {[%emt 0:00:02]} Nc4 {[%emt 0:00:00]} 25. Re2 {[%emt 0:00:01]} Ra8 {[%emt 0:00:01]} 26. Ra1 {[%emt 0:00:03]} Ra5 {[%emt 0:00:02]} 27. Nd6 {[%emt 0:00:03]} Nxd6 {[%emt 0:00:02]} 28. exd6 {[%emt 0:00:01]} Rd8 {[%emt 0:00:00]} 29. Rb2 {[%emt 0:00:03]} Rxd6 {[%emt 0:00:01]} 30. h4 {[%emt 0:00:01]} e5 {[%emt 0:00:02]} 31. Rab1 {[%emt 0:00:02]} Rc5 {[%emt 0:00:01]} 32. Rxb6 {[%emt 0:00:01]} Rxb6 {[%emt 0:00:00]} 33. Rxb6 {[%emt 0:00:01]} Rxc3 {[%emt 0:00:00]} 34. a4 {[%emt 0:00:01]} Ra3 {[%emt 0:00:01]} 35. Rb5 {[%emt 0:00:01]} Rxa4 {[%emt 0:00:01]} 36. Rxd5 {[%emt 0:00:00]} f6 {[%emt 0:00:00]} 37. Rd8+ {[%emt 0:00:01]} Kh7 {[%emt 0:00:01]} 38. Rd2 {[%emt 0:00:00]} Kg6 {[%emt 0:00:01]} 39. Kh2 {[%emt 0:00:00]} Ra1 {[%emt 0:00:00]} 40. g3 {[%emt 0:00:00]} Ra4 {[%emt 0:00:00]} 41. Kg2 {[%emt 0:00:00]} h5 {[%emt 0:00:00]} 42. Re2 {[%emt 0:00:00]} Rd4 {[%emt 0:00:00]} 43. Rc2 {[%emt 0:00:00]} e4 {[%emt 0:00:01]} 44. Rc7 {[%emt 0:00:00]} Kf5 {[%emt 0:00:01]} 45. Re7 {[%emt 0:00:00]} Rd2 {[%emt 0:00:00] Time (Lag: Av=0.83s, max=1.1s)} 0-1

[Event "Stay Safe Play From Home 245"]
[Site "Emanuel Lasker Arena"]
[Date "2020.06.22"]
[Round "9"]
[White "AChessPlayer"]
[Black "Mepe_Nika"]
[Result "1-0"]
[WhiteElo "2385"]
[BlackElo "2314"]
[Annotator "TA"]
[PlyCount "105"]
[EventDate "2020.06.22"]
[EventType "swiss (blitz)"]

{[%evp 9,104,4,16,6,18,5,8,0,8,-6,0,-16,0,-7,0,-3,21,12,47,8,57,2,245,254,233,47,49,26,30,22,13,-13,0,0,0,0,0,0,4,0,16,19,12,0,0,-43,0,0,17,0,55,14,16,4,13,4,12,10,12,-22,12,7,13,0,53,54,740,730,734,746,852,849,906,887,1492,1043,1033,1016,1143,950,945,941,914,885,931,866,870,857,29989,29990,29989,29990,29992,29991,29998,29999,29999]} 1. b3 d5 2. Bb2 Bf5 3. Nf3 e6 4. d3 Nf6 5. Nbd2 Be7 6. g3 {A06: Réti Opening: 1 Nf3 d5.} O-O 7. Bg2 a5 {[%cal Ba7a5,Ba5a4][%mdl 32]} 8. O-O {The position is equal.} a4 9. c4 c6 10. Qc2 Nbd7 {[#]} 11. Rab1 $146 ({Predecessor:} 11. e4 Bg6 12. Nh4 Bh5 13. f4 dxc4 14. Nxc4 a3 15. Bc3 b5 16. Ne3 Qb6 17. d4 {0-1 (70) Nolz,T (2188)-Kleiser,G (2263) Austria 2012}) 11... axb3 12. axb3 Qc7 13. Rfc1 Bd6 14. b4 h6 15. b5 (15. cxd5 $14 exd5 16. Nd4) 15... Ba3 $2 {[#]} (15... Rfc8 $11) 16. Bxa3 $18 Rxa3 17. Qb2 $2 (17. cxd5 $18 {aiming for Nc4.} c5 18. Nc4) 17... Qa5 $1 $14 18. bxc6 bxc6 19. cxd5 cxd5 20. Qb4 Qxb4 21. Rxb4 Ra2 22. h3 Rfa8 23. g4 Bg6 24. Rb7 Ra1 25. Rxa1 Rxa1+ 26. Kh2 Ra2 27. Kg3 Kf8 28. Bf1 Ke7 29. Nb3 Ra3 ({Black should play} 29... Kd6 $11) 30. Nbd4 Ra1 31. Kg2 Kd6 32. Rb2 e5 33. Nb5+ Ke7 34. Nc3 e4 (34... d4 $5 {[%cal Rd4c3]} 35. Rb1 Ra5 $15) 35. dxe4 dxe4 {White must now prevent ...Rc1.} 36. Nd4 Ra3 (36... e3 $11) 37. Ncb5 Ra5 $2 {[%mdl 8192] White leaves nothing to chance now.} (37... Ra8 $14) 38. Nc6+ $18 {[%mdl 64] [#] Double Attack} Ke6 39. Nxa5 Ne5 40. Nd4+ Kd5 41. e3 Ned7 42. Rb5+ Kd6 43. Nc4+ Ke7 44. Nf5+ Bxf5 45. Rxf5 Ke6 46. Rb5 Nd5 47. Na5 Ne5 48. Bc4 Nxg4 49. Bxd5+ {White mates.} Kf6 50. hxg4 Kg5 51. Bxe4+ Kh4 52. Rh5+ Kxg4 53. Bf3# {Accuracy: White = 73%, Black = 64%.} 1-0